000 00910nam a2200289 a 4500
003 MX-MxUPN
005 20240910064405.0
008 200129s1988 sp a r 000 0 spa d
020 _a8471669374
035 _aUPN01000235200
040 _aMX-MxUPN
_bspa
_cMX-MxUPN
041 1 _aspa
_heng
050 1 4 _aLB1060
_bF46 1988
100 1 _aFenker, Richard M.
_q(Richard Mathes),
_d1942-
_947042
100 1 _aMullins, Reverdy,
_d1921-2007
_947043
240 1 0 _aStop studying start learning.
_lEspañol
245 1 0 _aCómo estudiar :
_by aprender más y mejor en menos tiempo
260 _aMadrid :
_bLEDAF,
_c1988
300 _a199 páginas .
_bilustraciones
490 0 _aTemas de superación personal
650 4 _aAprendizaje
_92861
650 4 _aMétodos de estudio
_94280
700 1 _aPate, Johnny
_947044
_eilustrador
902 _aVíctor Ruiz/071022
942 _2lcc
_cLIBRO
999 _c207295
_d207295